00620 2200193 4500001002100000005001500021035002000036007000300056008004100059020001800100082001100118084001700129100003200146245012500178250002800303260004200331300003300373650002000406INLIS00000000000416820251211073718 a0010-1225000054ta251211 g 0 ind  a979-3858-00-2 a155.25 a155.25 A'I t0 aA'idh bin Abdullah al-Qarni1 a30 Resep Bahagia Dunia-Akhirat /cA'idh bin Abdullah al-Qarni (Penulis); Andika Arya Putra (Desain Cover dan Tata Letak) aCetakan I, Agustus 2005 aJakarta Selatan :bFitra Press,c2005 a138 Halaman :bteks ;c18 cm 4aMotivasi Islami